000 00369nam a2200157Ia 4500
008 210210b1953 xxu||||| |||| 00| 0 eng d
041 _aeng
082 _a825/471
100 _aJOYCE (M)
245 _aEdward Gibbon
260 _aLondon
_bLongmans Green and Company
_c1953
650 _aGibbon
650 _aEdward
690 _aEnglish Criticism
906 _a014787
999 _c134007
_d134007